| 000 | 00726nam a2200229Ii 4500 | ||
|---|---|---|---|
| 003 | JO-AjNU | ||
| 008 | 230605s9999||||xx |||||||||||||| ||und|| | ||
| 017 | _a88/7349 | ||
| 020 | _a977-02-2554-1 | ||
| 040 |
_aJO-AjNU _bara _erda _cJO-AjNU |
||
| 041 | _aara | ||
| 050 | 1 | 4 | _aBD241.M8268.1988 |
| 100 | 3 |
_aمبارك،فتحي يوسف, _eauthor _913645 |
|
| 245 | 0 | 0 | _aالاسلوب التكاملي في بناء المنهج :النظرية والتطبيق |
| 250 | _aط2 | ||
| 264 | 3 | 1 | _aالقاهرة:دار المعارف ،1988 |
| 300 | _a225ص | ||
| 336 |
_atext _btxt _2rdacontent |
||
| 337 |
_aunmediated _bn _2rdamedia |
||
| 338 |
_avolume _bnc _2rdacarrier |
||
| 650 | 4 |
_aمنهج-تعلم وتعليم _913646 |
|
| 999 |
_aA3451 _c7019 _d7019 |
||